000 00386cam a22001097a 4500
008 180718b1952 xxu||||| |||| 00| 0 eng d
082 _aRx5412 B436t
100 _aHalder, S.K.
245 _aReport of an equiry into the living conditions of the tea plantation workers in Darjeeling- terai, West Bengal, 1948
_cby S.K. Halder
260 _aAlipore
_bGovernment Press
_c1952
300 _a115p.
999 _c496016
_d496016